LEADER 01153nam a2200241 i 4500 001 000000342442 003 CaOOAMICUS 005 20201002122618.0 008 201002s2020 gw a u000 u eng u 013 $a216441 020 $a978-3-11-070768-7 040 $aSeMil$bita 245 10$a3: Ptolemaic and Early Roman Egypt. 264 1$aBerlin ; Boston :$bDe Gruyter,$c2020. 300 $axxx, 740 p. ;$c24 cm. 773 0 $tGreco-Roman associations: texts, translations, and commentary.$dBerlin ; New York : De Gruyter, 2011-2020.$kBeihefte zur Zeitschrift für die neutestamentliche Wissenschaft und die Kunde der älteren Kirche$g3$w()25385 830 0$aBeihefte zur Zeitschrift für die neutestamentliche Wissenschaft ;$v246.$0(OLS)http://semarc/title/420948 850 $aSeMil 852 $aSeMil$W1$xVenegono$y1$m2XA R 246$j221674$B233379$CSeMilBibl$Z2$F233379 $81 996 $6020$a978-3-11-070768-7$9(OLS)http://semarc/number/291414 996 $6245$a3: Ptolemaic and Early Roman Egypt$9(OLS)http://semarc/title/431287 996 $6264$aBerlin ; Boston :$bDe Gruyter$9(OLS)http://semarc/publisher/36449 LEADER 00986nam a2200217 4500 001 000000352881 003 CaOOAMICUS 005 20230207115310.0 008 230207s2021 sp 000 u spa r 040 $aSeMil$bita 100 1 $aErrázuriz Mackenna, Carlos José,$d<1957- >.$0(OLS)http://semarc/name/10645 245 10$aCurso fundamental sobre el derecho en la Iglesia /$cCarlos José Errázuriz M. ; traducción de José Luis Gutiérrez. 264 1$aPamplona :$bEUNSA,$c2021. 300 $a2 v. ;$c25 cm 650 4$aDiritto canonico - Manuali.$0(OLS)http://semarc/subject/403 700 1 $aGutiérrez, José Luis,$c.$0(OLS)http://semarc/name/70704 774 0 $tVolumen 1.$z978-84-313-3600-4$w()352883 774 0 $tVolumen 2.$z978-84-313-3601-1$w()352885 996 $6245$aCurso fundamental sobre el derecho en la Iglesia$9(OLS)http://semarc/title/442828 996 $6264$aPamplona :$bEUNSA$9(OLS)http://semarc/publisher/30130